Top 12 Cleveland Cavaliers of All-Time - Statistics

General Stats
  • This quiz has been taken 223 times
    78 since last reset
  • The average score is 8 of 12
Answer Stats
# Player Win Shares % Correct
1 LeBron James 154.1
100%
11 Kyrie Irving 40.4
93%
10 Kevin Love 43.6
85%
2 Mark Price 65.4
82%
4 Zydrunas Ilgauskas 63.4
71%
3 Brad Daugherty 65.2
66%
7 Jarrett Allen 49.3
60%
6 Larry Nance 56.0
55%
9 Tristan Thompson 44.9
55%
5 Hot Rod Williams 58.3
52%
12 Terrell Brandon 36.9
18%
8 Anderson Varejao 45.7
16%
No matching quizzes found
Score Distribution
Percent of People with Each Score
Percentile by Number Answered
Your Score History
You have not taken this quiz since the last reset